000 01494cam a22002775i 4500
001 82687
003 BD-RjUL
005 20240118153016.0
008 230320s1955 pk b 000 0durd
035 _a(BD-RjUL)82687
040 _aDLC
_beng
_erda
_cDLC
041 1 _aurd
_aper
_aara
_aeng
_hper
082 _223
_a891.551
_bIQM 1955
100 1 _a‏اقبال، محمّد،‏ ;; Iqbal, Muhammad,
_d1877-1938,
_eauthor.
_910955
245 1 0 _a‏مثنوى اسرار و رموز، يعنى، اسرار خودى و رموز بيخودى (هر دو يکجا) /‏ ;; Mas̲navī-i Asrār o rumūz, yaʻnī, Asrār-i k̲h̲ūdī va Rumūz-i bīk̲h̲ūdī (har do yakjā) /
_cIqbāl ;.‏اقبال ؛ .
246 3 0 _a‏اسرار خودى و رموز بيخودى ;; Asrār-i k̲h̲ūdī va Rumūz-i bīk̲h̲ūdī
250 _aT̤abʻ-i avval.
264 1 _aRāvalpinḍī :‏راولپنڈى :‏ :
_bMaktabah-i Nūr-i Baṣīrat,‏مکتبه نور بصيرت،‏
_c1955
300 _a498 pages ;
_c25 cm
500 _aTranslation of Sir Muḥammad Iqbāl's two title "Asrār-i khūdī" published in 1915 and "Rumūz-i bek̲h̲vudī" published in 1918, later on these two parts published with the title "Asrār o rumūz".
504 _aIncludes bibliographical references.
650 _aPersian Poetry
942 _2ddc
_cBK
999 _c82687
_d82687